• 首页
  • 本馆介绍
  • 公告通知
  • 最新文献
  • 馆藏检索
  • 电子资源
  • 读者导购
  • 参考咨询
  • 我的图书馆
  • 登录
  • 详细信息显示
  • 放入我的书架
  • 预约/预借图书
  • 作者相关作品
  • 分类相关作品
  • 丛书相关作品
  • 出版社相关作品

书目信息

  • 表格格式
  • 工作单格式
  • 卡片格式
题名:
中国现代社会科学家传略
    
 
作者: ;晋阳学刊编辑部 编
分册: 第三辑  
出版信息: 太原   山西人民出版社  1983
页数: 471页
开本: 20cm
丛书名:
单 册:
中图分类: K825 , C092
科图分类:
主题词: 社会科学-科学家--列传--中国--现代 , 科学家-社会科学--列传--中国--现代
电子资源:
ISBN:
000 00737nam0 2200241 45
001 1574695478
005 20150129204543.45
010    @dCNY1.90
091    @aCN@b11088.73
100    @a19960215d1983 em y0chiy0121 ea
101 0  @achi
102    @aCN@b140000
105    @af z 000yc
200 10 @a中国现代社会科学家传略@Azhong guo xian dai she hui ke xue jia zhuan lue@h第三辑@f晋阳学刊编辑部编
210    @a太原@c山西人民出版社@d1983
215    @a471页@c照片@d20cm
606    @a社会科学-科学家@x列传@y中国@z现代
606    @a科学家-社会科学@x列传@y中国@z现代
690    @aK825@v3
690    @aC092@v3 
711 02 @a晋阳学刊编辑部@Ajin yang xue kan bian ji bu@4编
801  0 @aCN@bTSSF@c20150129
905    @aZUCC@dK825@eJY25:3
    
    中国现代社会科学家传略.第三辑/晋阳学刊编辑部编.-太原:山西人民出版社,1983
    471页:照片;20cm
    
    
    ISBN :CNY1.90
    
●
相关链接 在E读中查询图书 在五车中查询图书 在当当中查询图书 在豆瓣中查询图书


正题名:中国现代社会科学家传略     索取号:K825/JY25:3         预约/预借

序号 登录号 条形码 馆藏地/架位号 状态 备注
1 7844837   278448379   学院路分馆/ [索取号:K825/JY25:3] 在馆    
唐山师范学院图书馆 欢迎您!
大连网信软件有限公司© 版权所有